| 000 | 00000nam 2200000zi 4500 |
| 001 | 9.902327 |
| 003 | CaOODSP |
| 005 | 20221107175927 |
| 006 | m o d f |
| 007 | cr cn||||||||| |
| 008 | 210805t20212021oncd o f000 0 eng d |
| 020 | |a9780660399607 |
| 040 | |aCaOODSP|beng|erda|cCaOODSP |
| 043 | |an-cn--- |
| 086 | 1 |aJ4-93/2021E-PDF |
| 245 | 00|aNational justice survey, 2021 : |bfinal report / |cprepared for the Department of Justice Canada. |
| 264 | 1|aOttawa, ON : |bGovernment of Canada = Gouvernement du Canada, |c2021. |
| 264 | 4|c©2021 |
| 300 | |a1 online resource (95 pages) : |bgraphs + |esummary (9 pages) |
| 336 | |atext|btxt|2rdacontent |
| 337 | |acomputer|bc|2rdamedia |
| 338 | |aonline resource|bcr|2rdacarrier |
| 500 | |aCover title. |
| 500 | |a"Delivery Date: July 26, 2021." |
| 500 | |a"Supplier: Ekos Research Associates Inc." |
| 500 | |a"Contract Number: 19040-200081/001/CY." |
| 500 | |a"Registration Number: POR 089-20." |
| 500 | |aFinal report and summary issued also in HTML format. |
| 500 | |aThe copy has been replaced on December 21, 2021 as requested by the issuing department. |
| 500 | |aIssued also in French under title: Sondage national sur la justice, 2021 : rapport final. |
| 520 | |a"The current research gathers Canadians' views, attitudes and opinions on several distinct topics related to the justice system, including: the state of the criminal justice system, the family justice system, impaired driving, the sex trade, access to justice, and Sustainable Development Goal 16. The 2021 National Justice Survey included a large, national survey with Canadians and follow up interviews with a subset of respondents"--Executive summary, page 6. |
| 650 | 0|aCriminal justice, Administration of|zCanada|xPublic opinion. |
| 650 | 0|aPublic opinion|zCanada. |
| 710 | 1 |aCanada. |bDepartment of Justice, |eissuing body. |
| 710 | 2 |aEkos Research Associates, |econsultant. |
| 775 | 08|tSondage national sur la justice, 2021 : |w(CaOODSP)9.902326 |
| 795 | |tNational justice survey 2018 : |w(CaOODSP)9.872334 |
| 856 | 40|qPDF|s610 KB|uhttps://publications.gc.ca/collections/collection_2021/jus/J4-93-2021-eng.pdf|zFinal report |
| 856 | 40|qPDF|s163 KB|uhttps://publications.gc.ca/collections/collection_2022/jus/J4-93-2021-1-eng.pdf|zSummary |
| 856 | 4 |qHTML|sN/A|uhttps://epe.lac-bac.gc.ca/100/200/301/pwgsc-tpsgc/por-ef/justice_canada/2021/089-20-e/089-20_report.html|zFinal report |
| 856 | 4 |qHTML|sN/A|uhttps://epe.lac-bac.gc.ca/100/200/301/pwgsc-tpsgc/por-ef/justice_canada/2021/089-20-e/summary/089-20_summary.html|zSummary |